Statistics for My Little Pony Episodes

Click here to take the quiz!

General Stats

  • This quiz has been taken 340 times
  • The average score is 24 of 52

Answer Stats

HintAnswer% Correct
Season 1 Episode 1Friendship is Magic, part 1 (Mare in the Moon)
87%
Season 1 Episode 2Friendship is Magic, part 2 (Elements of Harmony)
87%
Season 1 Episode 3The Ticket Master
78%
Season 2 Episode 1The Return of Harmony Part 1
69%
Season 2 Episode 2The Return of Harmony Part 2
69%
Season 1 Episode 26The Best Night Ever
68%
Season 1 Episode 4Applebuck Season
62%
Season 2 Episode 25A Canterlot Wedding Part 1
57%
Season 2 Episode 26A Canterlot Wedding Part 2
57%
Season 1 Episode 7Dragonshy
57%
Season 1 Episode 6Boast busters
56%
Season 1 Episode 16Sonic Rainboom
55%
Season 1 Episode 25Party of One
54%
Season 2 Episode 3Lesson Zero
53%
Season 1 Episode 11Winter Wrap Up
53%
Season 1 Episode 9Bridle Gossip
52%
Season 1 Episode 20Green Isn't Your Color
50%
Season 1 Episode 23The Cutie Mark Chronicles
50%
Season 1 Episode 5Griffon the Brush-Off
49%
Season 1 Episode 10Swarm of the Century
49%
Season 1 Episode 12Call of the Cutie
48%
Season 1 Episode 17Stare Master
48%
Season 2 Episode 4Luna Eclipsed
47%
Season 1 Episode 19A Dog and Pony Show
45%
Season 1 Episode 18The Show Stoppers
45%
Season 1 Episode 15Feeling Pinkie Keen
43%
Season 1 Episode 8Look Before You Sleep
43%
Season 1 Episode 21Over a Barrel
43%
Season 2 Episode 5Sisterhooves Social
43%
Season 1 Episode 13Fall Weather Friends
41%
Season 2 Episode 7May the Best Pet Win!
41%
Season 1 Episode 14Suited For Success
41%
Season 1 Episode 24Owl's Well That Ends Well
40%
Season 2 Episode 6The Cutie Pox
39%
Season 2 Episode 13Baby Cakes
38%
Season 2 Episode 22Hurricane Fluttershy
38%
Season 2 Episode 14The Last Roundup
38%
Season 1 Episode 22A Bird in the Hoof
37%
Season 2 Episode 11Hearth's Warming Eve
37%
Season 2 Episode 17Hearts and Hooves Day
37%
Season 2 Episode 8The Mysterious Mare Do Well
37%
Season 2 Episode 16Read it and Weep
36%
Season 2 Episode 9Sweet and Elite
36%
Season 2 Episode 21Dragon Quest
35%
Season 2 Episode 10Secret of My Excess
34%
Season 2 Episode 19Putting Your Hoof Down
33%
Season 2 Episode 15The Super Speedy Cider Squeezy 6000
33%
Season 2 Episode 18A Friend in Deed
32%
Season 2 Episode 24MMMystery on the Friendship Express
32%
Season 2 Episode 23Ponyville Confidential
31%
Season 2 Episode 20It's About Time
30%
Season 2 Episode 12Family Appreciation Day
27%

Score Distribution

Percentile by Number Answered

Percent of People with Each Score

Your Score History

You have not taken this quiz